000 00486nam a2200169Ia 4500
999 _c1879
_d1879
003 OSt
005 20200821130259.0
008 190216s9999||||xx |||||||||||||| ||und||
020 _a9788184872705
040 _coclc
082 _a628.5
_bJAI/E
100 _aJain, Monika
_94269
245 0 _aEnvironmental Biotechnology /
_cMonika Jain
260 _bNarosa Publishing House,
_c2014.
_aNew Delhi:
300 _a158p
942 _cBK
_2ddc
_h628.5
_iJAI/E
_k628.5
_mJAI/E